LIBRARY & INFORMATION CENTRE, KCAET, TAVANUR

ONLINE PUBLIC ACCESS CATALOGUE (OPAC)

Dairy chemistry and physics / (Record no. 9916)

MARC details
000 -LEADER
fixed length control field 00455cam a2200181ua 4500
020 ## - INTERNATIONAL STANDARD BOOK NUMBER
ISBN 0-471-09779-9
041 ## - LANGUAGE CODE
Language code of text/sound track or separate title eng
082 ## - DEWEY DECIMAL CLASSIFICATION NUMBER
Classification number 637.127
Item number WAL/DA
100 ## - MAIN ENTRY--AUTHOR NAME
Personal name Walstry, Pieter .
245 ## - TITLE STATEMENT
Title Dairy chemistry and physics /
250 ## - EDITION STATEMENT
Edition statement 1 /
260 ## - PUBLICATION, DISTRIBUTION, ETC. (IMPRINT)
Place of publication London :
Name of publisher John Wiley & Sons ,
Year of publication 1984.
300 ## - PHYSICAL DESCRIPTION
Number of Pages 467 ; .
700 1# - ADDED ENTRY--PERSONAL NAME
Personal name Jennes, Robert .
942 ## - ADDED ENTRY ELEMENTS (KOHA)
Koha item type Books
Holdings
Withdrawn status Lost status Damaged status Home library Current library Date acquired Full call number Accession Number Koha item type
      KAUAET KAUAET 27/03/1987 637.127 16200 Books
free website counter